Statistics for States That Beat Idaho

Click here to take the quiz!

General Stats

  • This quiz has been taken 293 times
    (278 since last reset)
  • The average score is 12 of 13

Answer Stats

RankCategoryAnswer% Correct
8Coldest Average TemperatureAlaska | North Dakota | Maine | Minnesota | Wyoming | Montana | Vermont
97%
10Fastest Growing (1960-2019)Nevada | Arizona | Florida | Alaska | Utah | Colorado | Texas | Georgia | Washington
97%
9Least PrecipitationNevada | Utah | Wyoming | Arizona | New Mexico | Montana | Colorado | North Dakota
97%
6Record Coldest TemperatureAlaska | Montana | Utah | Wyoming | Colorado
95%
7Lowest Population DensityAlaska | Wyoming | Montana | North Dakota | South Dakota | New Mexico
95%
8Most Recent Date of AdmissionHawaii | Alaska | Arizona | New Mexico | Oklahoma | Utah | Wyoming
95%
10Highest % WhiteMaine | Vermont | West Virginia | New Hampshire | Montana | Iowa | Kentucky | Wyoming | North Dakota
95%
7Largest Landlocked State (by land area)
Montana | New Mexico | Arizona | Nevada | Colorado | Wyoming
93%
7Largest Span Between Highest and Lowest PointsAlaska | California | Washington | Hawaii | Nevada | Arizona
91%
10Fewest Counties West of the Mississippi RiverHawaii | Arizona | Nevada | Wyoming | Alaska | Utah | New Mexico | Oregon | Washington
91%
8Youngest Median AgeUtah | Alaska | Texas | North Dakota | Nebraska | Oklahoma | California
89%
5Fewest Murders Per CapitaMaine | Vermont | Iowa | South Dakota
78%
3Highest Gun Ownership RateAlaska | Arkansas
68%

Score Distribution

Percentile by Number Answered

Percent of People with Each Score

Your Score History

You have not taken this quiz since the last reset